Communist party in power in Indian states: a study of the promise of new society in the context of the Bourgeois Liberal Social System (Record no. 11703)

MARC details
000 -LEADER
fixed length control field 00470nam a2200133Ia 4500
082 ## - DEWEY DECIMAL CLASSIFICATION NUMBER
Classification number TE.0001
100 ## - MAIN ENTRY--AUTHOR NAME
Personal name Eashvaraiah, Pulluru
245 #0 - TITLE STATEMENT
Title Communist party in power in Indian states: a study of the promise of new society in the context of the Bourgeois Liberal Social System
260 ## - PUBLICATION, DISTRIBUTION, ETC. (IMPRINT)
Year of publication 1985
Name of publisher Kanpur University
300 ## - PHYSICAL DESCRIPTION
Number of Pages 506, 41p.
Accompanying material CD-18
650 ## - SUBJECT ADDED ENTRY--TOPICAL TERM
Topical Term Land
Form subdivision Communist party of india
-- Politics and government
Geographic subdivision India
710 ## - ADDED ENTRY--CORPORATE NAME
Corporate name or jurisdiction name as entry element B.K. Joshi
942 ## - ADDED ENTRY ELEMENTS (KOHA)
Koha item type Thesis
Source of classification or shelving scheme Dewey Decimal Classification
Holdings
Withdrawn status Lost status Damaged status Not for loan Home library Current library Date acquired Bill Date Full call number Accession Number Price effective from Koha item type
        NASSDOC Library NASSDOC Library 08/10/2004 2004-10-22 TE.0001 27736 18/04/2019 Thesis